La isla de Cuba considerada económicamente / (Record no. 161470)

MARC details
000 -LEADER
campo de control de longitud fija 00767nam a2200193 i 4500
001 - NÚMERO DE CONTROL
campo de control 161470
003 - IDENTIFICADOR DE NÚMERO DE CONTROL
campo de control ES-MaACL
005 - FECHA Y HORA DE LA ÚLTIMA TRANSACCIÓN
campo de control 20250524063057.0
008 - DATOS DE LONGITUD FIJA--INFORMACIÓN GENERAL
campo de control de longitud fija 981002s1858 sp |||| | spa d
100 1# - ENTRADA PRINCIPAL--NOMBRE DE PERSONA
Nombre de persona Pasarón y Lastra, Ramón,
Fechas asociadas al nombre 1808-1876
9 (RLIN) 130871
245 13 - MENCIÓN DEL TÍTULO
Título La isla de Cuba considerada económicamente /
Mención de responsabilidad, etc. por el ex-intendente general de la misma Don Ramón Pasarón y Lastra.
260 ## - PUBLICACIÓN, DISTRIBUCIÓN, ETC.
Lugar de publicación, distribución, etc. Madrid :
Nombre del editor, distribuidor, etc. [s.n.],
Fecha de publicación, distribución, etc. 1858 (
Fabricante Imp. de Don Cipriano López)
300 ## - DESCRIPCIÓN FÍSICA
Extensión 183 p. ;
Dimensiones 22 cm.
530 ## - NOTA DISPONIBLE DE FORMULARIO FÍSICO ADICIONAL
Nota de formato físico adicional disponible Disponible en formato digital.
651 #4 - PUNTO DE ACCESO ADICIONAL DE MATERIA--NOMBRE GEOGRÁFICO
Nombre geográfico Cuba-
Subdivisión geográfica Situación económica-
Subdivisión cronológica S.XIX.
9 (RLIN) 167680
852 ## - LOCALIZACIÓN
Ubicación ES-MaACL
Número de control de estantería G-7666
Nota libre - Enc. piel
856 ## - LOCALIZACIÓN Y ACCESO ELECTRÓNICOS
Identificador Uniforme de Recursos <a href="https://archive.org/details/laisladecubacon00goog ">https://archive.org/details/laisladecubacon00goog </a>
Nota pública Internet Archive
Holdings
Estatus retirado Estado de pérdida Estado de daño No para préstamo Colección Biblioteca de origen Biblioteca actual Ubicación en estantería Fecha de adquisición Fuente de adquisición Total de préstamos Signatura topográfica completa Código de barras Visto por última vez Precio de reemplazo Tipo de ítem Koha
        Colección digital Biblioteca del Ateneo de Madrid Biblioteca del Ateneo de Madrid Sala Pecera Planta 3 17/01/2008     G-7666 1169134 23/02/2023 23/02/2023 Libro impreso antiguo